00362nam a2200121Ia 4500008004100000082001700041100002100058245002400079260003700103300001000140630001800150650007200168211109s9999||||xx |||||||||||||| ||und|| a597.8bHOL-B aHolmes, Samuel J 0aBiology of the Frog bMac Millan and Co.aLondonc1900 a369p. xGeneral Stack asciencevAnimals (Zoology)Cold-blooded vertebrates; fishesxZoology